000 00522nam a2200217Ia 4500
003 OSt
005 20221005122356.0
006 a|||||r|||| 00| 0
007 ta
008 221004b |||||||| |||| 00| 0 eng d
024 _a59598
037 _cTextual
040 _aCRL
_cCRL
_beng
041 _2eng
_aeng
082 _aV2:25xM89:9, K6
245 0 _aJawaharlal Nehru
_b Life and work
260 _c1966
650 _aHISTORY
942 _hV2:25xM89:9, K6
_cTEXL
_2cc
999 _c1044085
_d1044085